Technical dictionary: spanish-english

Сохранить в:
Библиографические подробности
Главный автор: Malgorn, Guy (autor)
Формат:
Язык:испанский
английский
Опубликовано: Madrid Paraninfo 1996
Редактирование:9a. ed
Предметы:
Метки: Добавить метку
Нет меток, Требуется 1-ая метка записи!

MARC

LEADER 00000nam a2200000 a 4500
001 UCN1741
003 CL-VaPUC
008 010504e19960000SP |||||||||||||||||spa|d
041 0 7 |a spa  |2 CL-VaPUC 
041 0 7 |a eng  |2 CL-VaPUC 
082 0 4 |a 423.61  |b MAL  |2 21 
100 |a Malgorn, Guy  |e autor  |9 537894 
245 1 0 |a Technical dictionary: spanish-english 
246 1 0 |a Diccionario técnico: español-inglés 
250 |a 9a. ed 
300 |a 569 p 
942 |c BK 
945 |d 20010504 00:00:00  |a vberengu 
260 |a Madrid  |b Paraninfo  |c 1996 
650 0 |a Diccionarios  |9 256200 
650 0 |a Español  |9 255372 
650 0 |a Inglés  |9 260023 
583 |a last modification  |c 20120618 03:02:28  |k Rodrigo Vera 
999 |c 294972  |d 294970 
952 |0 0  |1 0  |4 0  |6 423_610000000000000_MAL_1996  |7 0  |8 X  |9 347749  |a BIBEDU  |b BIBEDU  |d 2019-11-20  |i 3718999  |l 1  |o 423.61 MAL 1996  |p 3718999  |r 2024-10-14  |s 2024-10-14  |w 2019-11-20  |y BK_X  |k LIT